[Event "Tourn. n9986"]
[Site "www.echecsemail.com"]
[Date "2018.11.01"]
[Round "1"]
[White "Bojan"]
[Black "Bevittsmith"]
[WhiteElo "2020"]
[BlackElo "2220"]
[Result "0-1"]
[Round "1"]
1.e4 e6
2.d4 d5
3.Nb1c3 Bf8b4
4.e5 c5
5.a3 Bb4xc3
6.bxc3 Ng8e7
7.dxc5 Nb8c6
8.f4 Bc8d7
9.g4 Ne7g6
10.Ng1f3 Qd8c7
11.Bc1e3 f6
12.Be3d4 fxe5
13.fxe5 O-O
14.Nf3g1 Ng6xe5
15.h3 Rf8f4
16.Ng1e2 Ne5f3
17.Kf2 Nf3xd4
18.Ne2xf4 Qc7xf4
19.Kg2 Ra8f8
20.Rh1h2 Qf4e4
21.Kg3 Rf8f3
22.Kh4 Nd4f5
23.Kh5 Bd7e8
{ resign }
0-1

[Event "Tourn. n9976"]
[Site "www.echecsemail.com"]
[Date "2018.11.01"]
[Round "1"]
[White "Sbb"]
[Black "Coolant"]
[WhiteElo "2630"]
[BlackElo "2320"]
[Result "1-0"]
[Round "1"]
1.d4 Ng8f6
2.Ng1f3 b6
3.Bc1g5 Bc8b7
4.Nb1d2 d5
5.e3 Nb8d7
6.c4 h6
7.Bg5xf6 Nd7xf6
8.cxd5 Qd8xd5
9.Ra1c1 c6
10.Bf1c4 Qd5h5
11.Qd1b3 e6
12.Nf3e5 Bf8e7
13.g4 { resign }
1-0

[Event "Tourn. n9912"]
[Site "www.echecsemail.com"]
[Date "2018.11.01"]
[Round "1"]
[White "Gilliere"]
[Black "Ditto"]
[WhiteElo "1980"]
[BlackElo "1870"]
[Result "1/2-1/2"]
[Round "1"]
1.e4 e5
2.Ng1f3 Nb8c6
3.Bf1b5 a6
4.Bb5xc6 dxc6
5.h3 Bf8d6
6.d3 Bc8e6
7.Nb1c3 Bd6b4
8.Bc1d2 Qd8f6
9.O-O Ng8e7
10.a3 Bb4c5
11.Bd2g5 Qf6g6
12.Bg5xe7 Bc5xe7
13.Nf3xe5 Qg6f6
14.Ne5f3 O-O
15.Rf1e1 Qf6g6
16.Kh1 Be7d6
17.e5 Bd6c5
18.Nc3e4 Bc5b6
19.Nf3g5 Bb6d4
20.Ng5xe6 Qg6xe6
21.c3 Bd4b6
22.d4 Ra8d8
23.Ne4g5 Qe6f5
24.Ng5f3 Rf8e8
25.Qd1b1 Qf5e6
26.Nf3g5 Qe6h6
27.Qb1f5 Re8f8
28.Re1e4 c5
29.Ra1d1 cxd4
30.cxd4 Qh6h5
31.Qf5g4 Qh5g6
32.Ng5f3 Rf8e8
33.Qg4xg6 fxg6
34.b4 c6
35.Re4e1 Re8e6
36.Nf3g5 { draw }
1/2-1/2

[Event "Tourn. n9962"]
[Site "www.echecsemail.com"]
[Date "2018.11.01"]
[Round "1"]
[White "Ditto"]
[Black "Cal"]
[WhiteElo "1830"]
[BlackElo "1740"]
[Result "1-0"]
[Round "1"]
1.d4 d5
2.Ng1f3 h6
3.c4 dxc4
4.Bc1f4 Ng8f6
5.e3 e6
6.Bf1xc4 Nb8c6
7.Nb1c3 a6
8.O-O Bf8b4
9.Nc3e2 Bb4a5
10.Bc4b3 O-O
11.Ra1c1 Nc6b4
12.Bf4e5 Nf6e4
13.a3 Nb4c6
14.Be5f4 b5
15.Qd1d3 Bc8b7
16.Qd3xe4 Qd8e7
17.Bb3c2 Nc6d8
18.Qe4h7 { resign }
1-0

[Event "Tourn. n9889"]
[Site "www.echecsemail.com"]
[Date "2018.11.01"]
[Round "1"]
[White "Hundegana"]
[Black "Andychesston"]
[WhiteElo "2110"]
[BlackElo "2100"]
[Result "1/2-1/2"]
[Round "1"]
1.e4 e5
2.Ng1f3 Nb8c6
3.Bf1b5 d6
4.O-O Bc8g4
5.h3 Bg4h5
6.g4 Bh5g6
7.d3 Ng8f6
8.c3 Bf8e7
9.Nb1d2 O-O
10.Nf3h4 Kh8
11.f4 Nf6g8
12.Nh4xg6 fxg6
13.Bb5xc6 bxc6
14.Nd2b3 exf4
15.Rf1xf4 Be7h4
16.Bc1e3 Rf8xf4
17.Be3xf4 g5
18.Bf4e3 Ng8e7
19.Qd1e2 Ne7g6
20.Ra1f1 Qd8e7
21.Nb3d4 Qe7e5
22.Qe2g2 c5
23.Nd4f3 Qe5g3
24.Qg2xg3 Bh4xg3
25.Nf3xg5 Kg8
26.Ng5e6 c6
27.Kg2 Bg3h4
28.b3 Ra8e8
29.Ne6c7 Re8e7
30.Nc7a6 Re7b7
31.b4 Rb7b6
32.Na6c7 Rb6b7
33.Nc7e8 Rb7d7
34.bxc5 dxc5
35.Be3xc5 Rd7xd3
36.Bc5d4 Rd3d2
37.Kh1 Bh4g3
38.Bd4xg7 Ng6f4
39.Rf1xf4 Bg3xf4
40.Bg7d4 Rd2xa2
41.Ne8f6 Kf7
42.Nf6xh7 Ra2h2
43.Kg1 Rh2xh3
44.Nh7f6 Bf4e3
45.Bd4xe3 Rh3xe3
46.Nf6d7 Re3xe4
47.Kf2 Ke7
48.Kf3 Re4c4
49.Nd7e5 Rc4xc3
50.Kf4 a5
51.Ke4 a4
52.Kd4 Rc3c1
53.Ne5c4 Kf6
54.Nc4a3 Kg5
55.Kd3 Kxg4
56.Kd2 Rc1h1
57.Kc3 Rh1h3
58.Kb4 Kf4
59.Kxa4 Rh3xa3
60.Kxa3 Ke4
61.Kb3 Kd4
62.Kc2 c5
63.Kd2 c4
64.Kc2 c3
65.Kc1 Kc4
66.Kc2 Kb4
67.Kc1 Kb3
{ draw }
1/2-1/2

[Event "Fast Game"]
[Site "www.echecsemail.com"]
[Date "2018.11.01"]
[Round "1"]
[White "Raicolin"]
[Black "Hennie4820"]
[WhiteElo "1569"]
[BlackElo "1640"]
[Result "1-0"]
[Round "1"]
1.c4 Ng8f6
2.Nb1c3 g6
3.g3 Bf8g7
4.Bf1g2 O-O
5.e4 d6
6.Ng1e2 e5
7.O-O Nb8c6
8.d3 Bc8e6
9.Nc3d5 Qd8d7
10.Bc1h6 Nc6d4
11.Nd5xf6 Bg7xf6
12.Ne2xd4 exd4
13.Bh6xf8 Kxf8
14.Qd1d2 c5
15.f4 Be6h3
16.Ra1b1 Bh3xg2
17.Kxg2 Kg8
18.b4 b6
19.Qd2c2 Ra8e8
20.a4 Bf6d8
21.f5 Bd8g5
22.a5 Bg5e3
23.bxc5 bxc5
24.fxg6 fxg6
25.Qc2e2 Qd7d8
26.Qe2f3 Qd8e7
27.a6 Qe7e6
28.Rb1b7 Re8a8
29.Qf3f7 Qe6xf7
30.Rf1xf7 h6
31.Rb7xa7 Ra8xa7
32.Rf7xa7 { resign }
1-0

[Event "Fast Game"]
[Site "www.echecsemail.com"]
[Date "2018.11.01"]
[Round "1"]
[White "Apdash"]
[Black "Tonino1"]
[WhiteElo "1830"]
[BlackElo "1880"]
[Result "1-0"]
[Round "1"]
1.e4 d6
2.d4 Ng8f6
3.Bf1d3 g6
4.f4 Bf8g7
5.c3 O-O
6.Qd1c2 c6
7.Ng1f3 Qd8c7
8.Nb1a3 Nb8d7
9.e5 dxe5
10.fxe5 Nf6d5
11.Na3c4 b5
12.Nc4e3 a6
13.a4 Bc8b7
14.O-O e6
15.b3 Nd7b6
16.a5 Nb6d7
17.Ne3xd5 cxd5
18.Bc1a3 Rf8c8
19.Ba3b2 Nd7b8
20.Nf3g5 Qc7c6
21.Ng5xf7 Bg7f8
22.Bd3xg6 Bf8g7
23.Bg6xh7 Kf8
24.Nf7d8 { resign }
1-0

[Event "Tourn. n9911"]
[Site "www.echecsemail.com"]
[Date "2018.11.02"]
[Round "1"]
[White "Aperturaf"]
[Black "Aniruddhadg"]
[WhiteElo "2730"]
[BlackElo "2600"]
[Result "1-0"]
[Round "1"]
1.e4 e6
2.d4 d5
3.Bf1d3 dxe4
4.Bd3xe4 Ng8f6
5.Be4f3 c5
6.Ng1e2 Bf8e7
7.Nb1c3 O-O
8.O-O Nb8c6
9.Bc1e3 cxd4
10.Ne2xd4 Nc6e5
11.Qd1e2 Qd8a5
12.Ra1d1 Ne5xf3
13.Qe2xf3 Bc8d7
14.Rd1d3 Qa5a6
15.Rf1d1 Rf8d8
16.Be3g5 h6
17.Bg5h4 Rd8e8
18.h3 Ra8c8
19.Bh4xf6 Be7xf6
20.Nc3e4 Bf6e7
21.Ne4g3 b6
22.Nd4f5 Bd7b5
23.Nf5xe7  { time }
1-0

[Event "Tourn. n9911"]
[Site "www.echecsemail.com"]
[Date "2018.11.02"]
[Round "1"]
[White "Ssharp"]
[Black "Paulsyd"]
[WhiteElo "2220"]
[BlackElo "2620"]
[Result "0-1"]
[Round "1"]
1.e4 c5
2.c3 Ng8f6
3.e5 Nf6d5
4.d4 cxd4
5.Ng1f3 Nb8c6
6.Bf1c4 Nd5b6
7.Bc4b3 d5
8.cxd4 Bc8g4
9.Bc1e3 e6
10.a3 Bf8e7
11.Nb1d2 O-O
12.O-O Nc6a5
13.Bb3a2 Nb6c4
14.b4 Nc4xd2
15.Be3xd2 Na5c4
16.Ba2xc4 dxc4
17.Bd2e3 a5
18.b5 Ra8c8
19.h3 Bg4h5
20.g4 Bh5g6
21.Qd1a4 b6
22.Ra1c1 Bg6d3
23.Rf1e1 Qd8d5
24.Nf3d2 c3
25.Nd2b1 c2
26.Nb1d2 Rc8c3
27.Rc1a1 Rf8c8
28.Re1c1 Bd3xb5
{ resign }
0-1

[Event "Tourn. n9974"]
[Site "www.echecsemail.com"]
[Date "2018.11.02"]
[Round "1"]
[White "Iko"]
[Black "Andychesston"]
[WhiteElo "1830"]
[BlackElo "2060"]
[Result "1-0"]
[Round "1"]
1.e4 e5
2.Ng1f3 Nb8c6
3.Bf1b5 d6
4.Bb5xc6 bxc6
5.O-O Bc8g4
6.d3 Bf8e7
7.h3 Bg4h5
8.g4 Qd8d7
9.gxh5 Qd7xh3
10.Rf1e1 Be7h4
11.Nf3xh4 Qh3xh4
12.Re1e3 Ng8f6
13.Re3g3 Nf6xh5
14.Bc1g5 Qh4xg3
15.fxg3 Nh5xg3
16.Qd1g4 { resign }
1-0

[Event "Match"]
[Site "www.echecsemail.com"]
[Date "2018.11.02"]
[Round "1"]
[White "Apdash"]
[Black "Krystek23"]
[WhiteElo "2250"]
[BlackElo "2580"]
[Result "0-1"]
[Round "1"]
1.d4 Ng8f6
2.c4 g6
3.Nb1c3 Bf8g7
4.e4 d6
5.Bf1d3 O-O
6.f4 c5
7.e5 Nf6h5
8.Bc1e3 cxd4
9.Be3xd4 dxe5
10.Bd4xe5 Bg7xe5
11.fxe5 Nb8c6
12.Nc3d5 Nc6xe5
13.Bd3e2 e6
14.Nd5e3 Qd8h4
15.Kf1 Qh4f4
16.Ke1 Qf4xe3
17.Ra1c1 Nh5f4
18.Kf1 Nf4xe2
19.Ng1xe2 Ne5d3
{ resign }
0-1

[Event "Tourn. n9971"]
[Site "www.echecsemail.com"]
[Date "2018.11.02"]
[Round "1"]
[White "Drill64"]
[Black "Fabos12"]
[WhiteElo "1999"]
[BlackElo "2000"]
[Result "1-0"]
[Round "1"]
1.e4 e6
2.Ng1f3 Nb8c6
3.d4 d5
4.e5 Bf8e7
5.c3 f6
6.Bc1f4 g5
7.Bf4g3 h5
8.exf6 Be7xf6
9.Bf1d3 Ng8e7
10.Nf3e5 Nc6xe5
11.dxe5 Bf6g7
12.h4 Ne7f5
{ time. }
1-0

[Event "Match"]
[Site "www.echecsemail.com"]
[Date "2018.11.02"]
[Round "1"]
[White "Apdash"]
[Black "Gimmyg"]
[WhiteElo "2230"]
[BlackElo "2560"]
[Result "0-1"]
[Round "1"]
1.d4 d5
2.Ng1f3 e6
3.c4 Ng8f6
4.Nb1c3 Bf8e7
5.cxd5 Nf6xd5
6.e4 Nd5xc3
7.bxc3 O-O
8.Bf1d3 b6
9.O-O Bc8b7
10.Qd1c2 Nb8d7
11.a4 c5
12.e5 cxd4
13.cxd4 Ra8c8
14.Bd3xh7 Kh8
15.Qc2d3 Bb7xf3
16.gxf3 g6
17.Bh7xg6 Rf8g8
18.f4 Rg8xg6
19.Kh1 Nd7c5
20.Qd3h3 Kg7
21.dxc5 Qd8d5
22.f3 Rc8h8
23.Qh3xh8 Kxh8
24.cxb6 Qd5d3
25.Bc1b2 Qd3e2
{ resign }
0-1

[Event "Tourn. n9974"]
[Site "www.echecsemail.com"]
[Date "2018.11.02"]
[Round "1"]
[White "Libiesse"]
[Black "Bojan"]
[WhiteElo "1930"]
[BlackElo "1990"]
[Result "1-0"]
[Round "1"]
1.d4 d5
2.c4 dxc4
3.e3 Bc8e6
4.Ng1f3 f6
5.Qd1a4 c6
6.Nb1c3 b5
7.Qa4d1 Nb8d7
8.a4 a6
9.g3 Nd7b6
10.Bf1g2 b4
11.Nc3a2 a5
12.O-O Qd8d7
13.Bc1d2 Be6d5
14.Rf1e1 e6
15.e4 c3
16.bxc3 bxc3
17.Na2xc3 Bd5c4
18.Ra1b1 Qd7c7
19.e5 f5
20.Nf3g5 h6
21.Qd1h5 Kd8
22.Bg2f1 Bc4xf1
23.Ng5xe6 Kc8
24.Ne6xc7 Kxc7
25.Kxf1 Ng8e7
26.Re1c1 g6
27.Qh5f3 Nb6c4
28.Nc3b5 Kd7
29.Rc1xc4 cxb5
30.Qf3b7 { resign }
1-0

[Event "Match"]
[Site "www.echecsemail.com"]
[Date "2018.11.02"]
[Round "1"]
[White "Apdash"]
[Black "Jackbauer"]
[WhiteElo "2190"]
[BlackElo "1770"]
[Result "1-0"]
[Round "1"]
1.d4 d5
2.c4 e5
3.dxe5 d4
4.e3 Bf8b4
5.Bc1d2 dxe3
6.fxe3 Qd8h4
7.g3 Bb4xd2
8.Nb1xd2 Qh4g5
9.Ng1f3 Qg5xe3
10.Qd1e2 Qe3b6
11.O-O-O Bc8g4
12.Qe2e4 Bg4xf3
13.Nd2xf3 Ng8e7
14.Nf3g5 Nb8d7
15.e6 Nd7c5
16.exf7 Kf8
17.Qe4d4 Nc5e6
18.Ng5xe6 Kxf7
19.c5 Qb6c6
20.Bf1c4 Rh8e8
21.Ne6d8 { resign }
1-0

[Event "Tourn. n9904"]
[Site "www.echecsemail.com"]
[Date "2018.11.02"]
[Round "1"]
[White "Andychesston"]
[Black "Kevinking"]
[WhiteElo "2070"]
[BlackElo "1970"]
[Result "0-1"]
[Round "1"]
1.e4 e6
2.Ng1f3 d5
3.exd5 exd5
4.d4 Ng8f6
5.Bc1g5 Bc8g4
6.Bf1e2 Bf8e7
7.Nf3e5 Bg4xe2
8.Qd1xe2 O-O
9.f3 Nb8d7
10.Nb1c3 c6
11.O-O-O Nf6e8
12.Bg5xe7 Qd8xe7
13.Rh1e1 Qe7d8
14.Rd1d3 f5
15.f4 Ne8d6
16.Kb1 Nd7f6
17.h4 Qd8c7
18.h5 b5
19.Ka1 Rf8e8
20.g4 Nf6e4
21.g5 Ra8b8
22.h6 g6
23.Nc3d1 Nd6c4
24.b3 Nc4xe5
25.dxe5 b4
26.c3 Qc7a5
27.c4 Ne4c5
28.cxd5 Nc5xd3
29.Qe2xd3 cxd5
30.Nd1e3 Qa5b5
31.Qd3d4 Rb8d8
32.e6 Qb5b7
33.Ne3c2 Re8e7
34.Nc2xb4 a5
35.Nb4d3 Qb7a7
36.Nd3c5 Rd8c8
37.Qd4f6 Qa7xc5
38.Kb1 Qc5c2
39.Ka1 Qc2c3
40.Qf6xc3 Rc8xc3
41.Kb2 Rc3f3
42.a4 Rf3xf4
43.Re1d1 d4
44.Kc2 Rf4e4
45.Kd3 Re7xe6
46.Rd1c1 Re6e8
47.Rc1c7 Re4e7
48.Rc7xe7 Re8xe7
49.Kxd4 f4
{ resign }
0-1

[Event "Match"]
[Site "www.echecsemail.com"]
[Date "2018.11.02"]
[Round "1"]
[White "Apdash"]
[Black "Jesmantiz"]
[WhiteElo "2260"]
[BlackElo "2240"]
[Result "1-0"]
[Round "1"]
1.e4 c5
2.Ng1f3 Nb8c6
3.d4 cxd4
4.Nf3xd4 e6
5.Bf1c4 a6
6.c3 Qd8c7
7.Bc4b3 Ng8f6
{ time. }
1-0

[Event "Match"]
[Site "www.echecsemail.com"]
[Date "2018.11.02"]
[Round "1"]
[White "Carsontwhite"]
[Black "Logout"]
[WhiteElo "1389"]
[BlackElo "1909"]
[Result "0-1"]
[Round "1"]
1.d4 d5
2.f4 Nb8c6
3.Nb1c3 Ng8f6
4.Ng1f3 Bc8g4
5.Nf3g5 h6
6.g3 hxg5
7.fxg5 Nf6e4
8.Bf1g2 Ne4xc3
9.bxc3 g6
10.Bg2f3 Bg4xf3
11.exf3 Bf8g7
12.Rh1f1 O-O
13.Bc1f4 e5
14.dxe5 Bg7xe5
15.a4 Qd8d6
16.Ra1a3 Qd6xa3
17.Rf1f2 Be5xc3
18.Qd1d2 Qa3c1
 { time }
0-1

[Event "Match"]
[Site "www.echecsemail.com"]
[Date "2018.11.02"]
[Round "1"]
[White "Emmanuel69"]
[Black "Apdash"]
[WhiteElo "1920"]
[BlackElo "2210"]
[Result "1/2-1/2"]
[Round "1"]
1.c4 e5
2.Nb1c3 Ng8f6
3.a3 d5
4.cxd5 Nf6xd5
5.d3 f5
6.Ng1f3 Nb8c6
7.g3 Bf8e7
8.Bf1g2 Bc8e6
9.O-O O-O
10.Nc3xd5 Be6xd5
11.b4 a6
12.Bc1b2 Be7f6
13.Rf1e1 f4
14.Nf3d2 Bd5xg2
15.Kxg2 fxg3
16.hxg3 Qd8d5
17.f3 Bf6g5
18.Nd2e4 Bg5e3
19.Bb2c1 Qd5d4
20.Bc1xe3 Qd4d7
21.Ne4c5 Qd7c8
22.Qd1b3 Kh8
23.Ra1d1 b6
24.Nc5e4 Nc6e7
25.Rd1c1 Qc8d7
26.Qb3c3 Ne7d5
27.Qc3d2 Rf8f5
28.g4 Rf5f8
29.Rc1c2 Rf8f7
30.Ne4g5 Rf7f6
31.Re1c1 h6
32.Ng5e4 Rf6g6
33.Ne4g3 Ra8f8
34.Ng3h5 Kh7
35.Rc2c4 Rg6d6
36.Nh5g3 Rd6g6
37.Ng3h5 Rg6d6
38.Nh5g3 Rd6g6
39.Ng3h5 Rg6d6
{ draw }
1/2-1/2

[Event "Fast Game"]
[Site "www.echecsemail.com"]
[Date "2018.11.02"]
[Round "1"]
[White "Apdash"]
[Black "Fabos12"]
[WhiteElo "1840"]
[BlackElo "1760"]
[Result "1-0"]
[Round "1"]
1.e4 e6
2.d4 Nb8c6
3.Ng1f3 d5
4.e5 f6
5.Bf1b5 a6
6.Bb5xc6 bxc6
7.O-O Bf8e7
8.Bc1f4 a5
9.Nb1d2 g5
10.exf6 Be7xf6
11.Bf4e5 h5
12.Be5xf6 Qd8xf6
13.Nf3e5 Ng8e7
14.b3 Bc8b7
15.c4 Ne7g6
16.cxd5 cxd5
17.Ne5xg6 Qf6xg6
18.Qd1e2 Bb7a6
19.Qe2e5 Kd7
20.Rf1e1 Rh8f8
21.Ra1c1 c6
22.Re1e3 Rf8f5
23.Qe5g3 Rf5f4
24.Nd2f3 Ke7
25.Nf3e5 Qg6f5
26.Ne5xc6 Kd6
27.Re3e5 Qf5g4
{ time. }
1-0

[Event "Match"]
[Site "www.echecsemail.com"]
[Date "2018.11.03"]
[Round "1"]
[White "Whitekknight"]
[Black "Apdash"]
[WhiteElo "1850"]
[BlackElo "2270"]
[Result "0-1"]
[Round "1"]
1.e4 c5
2.Ng1f3 d6
3.Bf1c4 Nb8c6
4.Nb1c3 Ng8f6
5.a3 h6
6.h3 e6
7.d3 Bc8d7
8.Bc1e3 a6
9.O-O Bf8e7
10.d4 b5
11.Bc4d3 b4
12.axb4 Nc6xb4
13.Bd3e2 cxd4
14.Be3xd4 O-O
15.Nc3a2 Nb4xa2
16.Ra1xa2 Nf6xe4
17.Nf3d2 Ne4xd2
18.Qd1xd2 e5
19.Bd4c3 Bd7b5
20.Be2xb5 axb5
21.Rf1a1 Ra8xa2
22.Ra1xa2 Qd8c7
23.Qd2e3 Qc7c4
24.b3 Qc4c6
25.Qe3d3 f5
26.Bc3b4 Rf8f6
27.Ra2a5 e4
28.Qd3e2 f4
29.c3 Rf6f5
30.Qe2a2 f3
31.Qa2d2 fxg2
32.Ra5a1 Rf5d5
33.Qd2e2 Rd5g5
34.Qe2e3 Be7f6
35.Ra1d1 d5
36.Bb4c5 Rg5f5
37.b4 Rf5f3
38.Qe3d2 Rf3d3
39.Qd2e1 Bf6xc3
40.Qe1e2 Rd3xh3
41.Qe2g4 Rh3h1
42.Kxg2 Rh1xd1
43.Qg4xd1 d4
44.Bc5xd4 Bc3xd4
45.Qd1xd4 e3
46.Kf1 Qc6c1
47.Ke2 exf2
48.Kxf2 Qc1c2
49.Ke3 Qc2c1
50.Ke2 Qc1c2
51.Kf3 Qc2f5
52.Ke2 h5
53.Qd4h4 Kh7
54.Ke3 Kh6
55.Qh4d4 Qf5h3
56.Kd2 Qh3g2
57.Ke1 Qg2g5
58.Qd4d6 Qg5f6
59.Qd6d2 g5
60.Qd2e2 Qf6c6
61.Qe2e7 Kg6
62.Qe7f8 h4
63.Kf1 Qc6c4
64.Kg2 Qc4e4
65.Kg1 Qe4e1
66.Kg2 Qe1g3
67.Kf1 Qg3f4
{ resign }
0-1

[Event "Tourn. n9937"]
[Site "www.echecsemail.com"]
[Date "2018.11.03"]
[Round "1"]
[White "Ditto"]
[Black "Iko"]
[WhiteElo "1840"]
[BlackElo "1760"]
[Result "1-0"]
[Round "1"]
1.e4 e5
2.Ng1f3 d6
3.d4 Bc8g4
4.Bf1e2 h5
5.Bc1g5 f6
6.Bg5e3 g5
7.Nb1c3 h4
8.dxe5 dxe5
9.Qd1xd8 Kxd8
10.O-O-O Nb8d7
11.h3 Bg4xf3
12.Be2xf3 Bf8d6
13.Bf3g4 Ng8h6
14.Bg4e2 Rh8e8
15.Be2b5 c6
16.Bb5e2 b5
17.Rd1xd6 Nh6f7
18.Rd6xc6 Ra8c8
19.Rc6a6 Rc8a8
20.Nc3xb5 Ra8b8
21.Be3d2 Nd7c5
22.Bd2a5 Ke7
23.Ra6xa7 Nc5d7
24.Ba5b4 Kd8
25.a4 Re8e6
26.Rh1d1 Re6b6
27.Rd1xd7 Ke8
28.Rd7xf7 Kd8
29.Rf7f8 
1-0

[Event "Tourn. n9978"]
[Site "www.echecsemail.com"]
[Date "2018.11.03"]
[Round "1"]
[White "Tbsundar"]
[Black "Osopanda"]
[WhiteElo "1880"]
[BlackElo "1850"]
[Result "1-0"]
[Round "1"]
1.d4 d5
2.c4 c6
3.e3 e6
4.Ng1f3 Bf8d6
5.Nb1d2 Ng8f6
6.Bf1d3 O-O
7.b3 Nb8d7
8.Bc1b2 Rf8e8
{ time. }
1-0

[Event "Match"]
[Site "www.echecsemail.com"]
[Date "2018.11.03"]
[Round "1"]
[White "Pinehill"]
[Black "Apdash"]
[WhiteElo "2100"]
[BlackElo "2240"]
[Result "0-1"]
[Round "1"]
1.e4 e5
2.Ng1f3 Nb8c6
3.d4 exd4
4.Nf3xd4 Bf8c5
5.Bc1e3 Nc6xd4
6.Be3xd4 Bc5xd4
7.Qd1xd4 Qd8f6
8.e5 Qf6g6
 { time }
0-1

[Event "Tourn. n9917"]
[Site "www.echecsemail.com"]
[Date "2018.11.03"]
[Round "1"]
[White "Tartan"]
[Black "Cathar"]
[WhiteElo "2580"]
[BlackElo "2400"]
[Result "1-0"]
[Round "1"]
1.d4 d5
2.c4 dxc4
3.Ng1f3 Ng8f6
4.e3 Bc8g4
5.Bf1xc4 e6
6.h3 Bg4h5
7.Nb1c3 Nb8d7
8.O-O Bf8b4
9.a3 Bb4xc3
10.bxc3 O-O
11.Bc4d3 c5
12.Bd3e2 Qd8c7
13.Ra1b1 b6
14.Bc1b2 c4
15.a4 Nf6e4
16.Qd1c2 Nd7f6
17.Nf3e5 Bh5xe2
18.Qc2xe2 Rf8c8
19.Rf1d1 Ra8b8
20.f3 Ne4d6
21.e4 a6
22.Bb2a3 Nf6e8
23.d5 b5
24.Ne5c6 Rb8b7
25.axb5 axb5
26.Qe2f2 Rc8a8
27.Rb1a1 Rb7b6
28.Ba3xd6 Ra8xa1
29.Rd1xa1 { resign }
1-0

[Event "Tourn. n9968"]
[Site "www.echecsemail.com"]
[Date "2018.11.03"]
[Round "1"]
[White "Szustan"]
[Black "Coolant"]
[WhiteElo "2580"]
[BlackElo "2330"]
[Result "1-0"]
[Round "1"]
1.e4 c5
2.c3 Nb8c6
3.d4 cxd4
4.cxd4 d5
5.exd5 Qd8xd5
6.Ng1f3 Bc8g4
7.Bf1e2 e6
8.Nb1c3 Bf8b4
9.O-O Bb4xc3
10.bxc3 Ng8e7
11.Ra1b1 Qd5xa2
12.Rb1xb7 O-O
13.Rb7b2 Qa2a5
14.Rb2b5 Qa5c7
15.h3 Bg4h5
16.Rb5xh5 { resign }
1-0

[Event "Tourn. n9972"]
[Site "www.echecsemail.com"]
[Date "2018.11.03"]
[Round "1"]
[White "Fantomas"]
[Black "Orhany24"]
[WhiteElo "2160"]
[BlackElo "2050"]
[Result "1/2-1/2"]
[Round "1"]
1.e4 c5
2.Ng1f3 Nb8c6
3.c3 e5
4.Bf1b5 d6
5.d4 cxd4
6.cxd4 Bc8d7
7.dxe5 Nc6xe5
8.Bb5xd7 Qd8xd7
9.O-O Ng8f6
10.Nb1c3 Bf8e7
11.Bc1f4 O-O
12.Nc3d5 Nf6xd5
13.exd5 Ne5g6
14.Bf4g3 Ra8c8
15.Ra1c1 a6
16.Qd1d2 Qd7b5
17.Rf1d1 Rf8d8
18.b3 h6
19.Qd2e3 Be7f6
20.h3 Qb5b4
21.Rc1xc8 Rd8xc8
22.Rd1c1 Rc8xc1
23.Qe3xc1 { draw }
1/2-1/2

[Event "Tourn. n9896"]
[Site "www.echecsemail.com"]
[Date "2018.11.03"]
[Round "1"]
[White "Kevinking"]
[Black "Osopanda"]
[WhiteElo "1960"]
[BlackElo "1820"]
[Result "1-0"]
[Round "1"]
1.c4 d6
2.d3 e5
3.g3 c6
4.Ng1f3 Ng8f6
5.Bf1g2 Bc8e6
6.O-O Nb8d7
7.Nb1c3 Bf8e7
8.b4 O-O
9.e4 Qd8c7
10.a4 Ra8d8
11.h3 d5
12.Qd1b3 dxc4
13.dxc4 Nd7b6
14.Bc1e3 Be6xc4
15.Be3xb6 Bc4xb3
16.Bb6xc7 Rd8d7
17.Bc7xe5 Rf8d8
18.Be5xf6 Be7xf6
19.e5 Bf6e7
20.Ra1b1 Bb3c4
21.Rf1e1 Rd7d3
22.Nc3e4 Bc4d5
23.Ne4d2 a6
24.Bg2f1 Rd3xf3
25.Nd2xf3 Bd5xf3
26.Bf1g2 Bf3xg2
27.Kxg2 g6
28.Re1e4 Rd8d5
29.f4 Kg7
30.Rb1b3 b6
31.Kf2 a5
32.bxa5 bxa5
33.Re4c4 Be7c5
34.Ke2 Bc5b4
35.Rc4xc6 Rd5d2
36.Ke3 Rd2h2
37.Rb3xb4 axb4
38.Rc6b6 Rh2xh3
39.Kf3 h5
40.Kg2 { resign }
1-0

[Event "Tourn. n9942"]
[Site "www.echecsemail.com"]
[Date "2018.11.03"]
[Round "1"]
[White "Bigrezi"]
[Black "Kuriero"]
[WhiteElo "2300"]
[BlackElo "2220"]
[Result "0-1"]
[Round "1"]
1.e4 e5
2.Ng1f3 Nb8c6
3.Bf1b5 Ng8f6
4.O-O Nf6xe4
5.d3 Ne4d6
6.Bb5a4 Bf8e7
7.Rf1e1 f6
8.Nb1c3 Nd6f7
9.d4 O-O
10.Nc3d5 d6
11.Qd1d3 Nc6b8
12.c4 c6
13.Nd5xe7 Qd8xe7
14.Ba4c2 g6
15.Qd3b3 c5
16.d5 f5
17.Bc1d2 Nb8d7
18.h4 Nd7f6
19.Nf3g5 Nf7xg5
20.hxg5 Nf6h5
21.f4 Qe7c7
22.g3 Bc8d7
23.Kg2 exf4
24.gxf4 Ra8e8
25.Ra1d1 b6
26.Qb3f3 b5
27.b3 b4
28.Re1h1 Qc7d8
29.a3 a5
30.Rd1a1 Qd8e7
31.Rh1e1 Qe7g7
32.Re1b1 Re8e7
33.Qf3f2 Rf8e8
34.Bc2d3 h6
35.gxh6 Qg7xh6
36.axb4 axb4
37.Rb1h1 Qh6g7
38.Ra1a6 Qg7f6
39.Ra6a2 Re7h7
40.Kf3 Nh5xf4
41.Bd2xf4 Rh7xh1
42.Qf2g3 Qf6d4
43.Ra2d2 Kf7
44.Bd3xf5 Rh1f1
45.Rd2f2 Rf1xf2
46.Qg3xf2 Qd4xf2
{ resign }
0-1

[Event "Tourn. n9977"]
[Site "www.echecsemail.com"]
[Date "2018.11.03"]
[Round "1"]
[White "Osopanda"]
[Black "Luban"]
[WhiteElo "1850"]
[BlackElo "2050"]
[Result "0-1"]
[Round "1"]
1.e4 c5
2.Ng1f3 d6
3.d4 cxd4
4.Nf3xd4 Ng8f6
5.Nb1c3 a6
6.Bf1c4 e6
7.O-O b5
8.Bc4b3 { time. }
0-1

[Event "Tourn. n9974"]
[Site "www.echecsemail.com"]
[Date "2018.11.03"]
[Round "1"]
[White "Osopanda"]
[Black "Bojan"]
[WhiteElo "1850"]
[BlackElo "1990"]
[Result "0-1"]
[Round "1"]
1.e4 e5
2.Ng1f3 d6
3.d4 exd4
4.Nf3xd4 Bf8e7
5.c4 c5
6.Nd4c2 Nb8c6
7.Nb1c3 h6
8.Bc1f4 Ng8f6
9.Bf1e2 Bc8e6
10.O-O Nc6e5
11.Bf4xe5 { time. }
0-1

[Event "1/8 Finale"]
[Site "www.chess-mail.com"]
[Date "2018.11.03"]
[Round "1"]
[White "Stepanpech"]
[Black "George1955"]
[WhiteElo "2450"]
[BlackElo "2690"]
[Result "1-0"]
[Round "1"]
1.e4 c6
2.d4 d5
3.Nb1c3 dxe4
4.Nc3xe4 Bc8f5
5.Ne4g3 Bf5g6
6.h4 h6
7.Ng1f3 Nb8d7
8.h5 Bg6h7
9.Bf1d3 Bh7xd3
10.Qd1xd3 e6
11.Bc1f4 Qd8a5
12.Bf4d2 Qa5c7
13.O-O-O Ng8f6
14.Ng3e4 Nf6xe4
15.Qd3xe4 Nd7f6
16.Qe4e2 Ra8d8
17.Kb1 Bf8e7
18.g4 a5
19.c3 a4
20.Nf3e5 a3
21.b3 c5
22.dxc5 Qc7xc5
23.f4 O-O
24.g5 hxg5
25.h6 g6
26.h7 Kg7
27.fxg5 Nf6h5
28.b4 Qc5c7
29.Rh1xh5 Rd8xd2
30.Rd1xd2 gxh5
31.Rd2d3 Be7xg5
32.Kc2 Bg5f4
33.Ne5d7 Rf8h8
34.Qe2xh5 Rh8xh7
35.Qh5g4 Kh8
36.Nd7f6 Rh7h2
37.Kb3 Qc7b8
38.Nf6h5 Bf4h6
39.Qg4d4 e5
40.Qd4b6 Bh6g5
41.Nh5f6 Rh2b2
42.Kxa3 Rb2d2
43.Rd3xd2 Bg5xd2
44.Nf6e4 Bd2f4
45.Kb2 Qb8c8
46.Qb6f6 Kg8
47.Ne4d6 Qc8d7
48.b5 Bf4e3
49.Qf6xe5 Be3h6
50.a4 Bh6f8
51.Qe5g3 Bf8g7
52.a5 Qd7e6
53.b6 Qe6e2
54.Kb3 f5
55.Qg3f4 Bg7e5
56.Qf4g5 Be5g7
57.Qg5d8 Bg7f8
58.Nd6c4 Qe2f3
59.a6 bxa6
60.Qd8c8 Qf3d1
61.Kb2 Qd1e2
62.Kc1 Kf7
63.Qc8xf5 Kg8
64.Qf5d5 Kh8
65.Qd5h1 Kg8
66.b7 Bf8h6
67.Qh1xh6 Qe2f1
68.Kb2 Qf1g2
69.Ka3 Qg2xb7
70.Qh6g6 Kf8
71.Qg6f6 Kg8
72.Nc4e5 Qb7a7
73.Ka4 Qa7c7
74.c4 Qc7b7
75.Qf6d8 Kg7
76.Qd8d7 Qb7xd7
77.Ne5xd7 { resign }
1-0

[Event "Tourn. n9952"]
[Site "www.echecsemail.com"]
[Date "2018.11.04"]
[Round "1"]
[White "Jjmcbride"]
[Black "Cal"]
[WhiteElo "1530"]
[BlackElo "1680"]
[Result "0-1"]
[Round "1"]
1.e4 e5
2.f4 exf4
3.d4 g5
4.e5 d6
5.Ng1f3 d5
6.c4 h6
7.cxd5 Qd8xd5
8.Nb1c3 Qd5a5
9.d5 Bf8c5
10.Bc1d2 Ng8e7
11.d6 cxd6
12.Nc3d5 Bc5f2
13.Kxf2 Qa5xd5
14.exd6 Qd5xd6
15.Qd1c2 Nb8c6
16.Bd2c3 f6
17.Ra1d1 Qd6c5
18.Nf3d4 Bc8d7
19.Bf1d3 Nc6xd4
20.Bc3xd4 Qc5xc2
21.Bd3xc2 Kf7
 { time }
0-1

[Event "Match"]
[Site "www.echecsemail.com"]
[Date "2018.11.04"]
[Round "1"]
[White "Logout"]
[Black "Sonny1000"]
[WhiteElo "1819"]
[BlackElo "1590"]
[Result "1-0"]
[Round "1"]
1.e4 e5
2.Ng1f3 Qd8f6
3.d4 Nb8c6
4.dxe5 Nc6xe5
5.Nf3xe5 Qf6xe5
6.Bf1d3 Ng8f6
7.Nb1c3 Bf8c5
8.O-O Nf6g4
9.Qd1xg4 Kf8
10.Bc1f4 Qe5f6
11.Nc3d5 Qf6d4
12.Ra1b1 d6
13.Nd5xc7 Bc8xg4
14.Nc7xa8 Qd4a4
15.Na8c7 Qa4xa2
16.b4 Bc5d4
17.Nc7b5 Bg4e2
18.Bd3xe2 Qa2xc2
19.Bf4xd6 Kg8
20.Nb5xd4 Qc2xe4
21.Rb1c1 g6
22.Rf1d1 Kg7
23.Be2f3 Qe4d5
24.Bf3xd5 Rh8d8
25.Bd6e5 Kf8
26.Bd5xb7 a6
27.Rc1c8 Rd8xc8
28.Bb7xc8 Ke8
29.Be5f6 h5
30.Nd4c6 Kf8
31.Rd1d8 
1-0

[Event "Tourn. n9880"]
[Site "www.echecsemail.com"]
[Date "2018.11.04"]
[Round "1"]
[White "Jaroslavpech"]
[Black "Sachpat"]
[WhiteElo "2450"]
[BlackElo "2820"]
[Result "1/2-1/2"]
[Round "1"]
1.e4 c5
2.Ng1f3 d6
3.d4 cxd4
4.Nf3xd4 Ng8f6
5.Nb1c3 a6
6.Bc1e3 e5
7.Nd4b3 Bc8e6
8.f3 Nb8d7
9.Qd1d2 Ra8c8
10.g4 Nd7b6
11.O-O-O Qd8c7
12.Kb1 Bf8e7
13.h4 Nb6c4
14.Bf1xc4 Qc7xc4
15.h5 b5
16.a3 b4
17.axb4 Qc4xb4
18.g5 Nf6d7
19.Nc3d5 Qb4xd2
20.Rd1xd2 Be6xd5
21.Rd2xd5 f5
22.exf5 O-O
23.Rh1e1 Rf8xf5
24.f4 g6
25.hxg6 hxg6
26.Rd5a5 Be7d8
27.Ra5a4 exf4
28.Be3xf4 Bd8xg5
29.Bf4xg5 Rf5xg5
30.Ra4xa6 Nd7c5
31.Ra6xd6 Nc5xb3
32.cxb3 Rc8b8
33.Rd6d7 Rg5b5
34.Re1g1 Rb8b6
35.Rg1c1 Rb6b8
36.Rd7d6 g5
37.Rc1c3 Rb8b7
38.Kc2 { draw }
1/2-1/2